Исследование реакционной способности некоторых сульфидов в качестве агентов деструкции серных связей в полихлоропрене: [оттиск статьи]

書誌詳細
第一著者: Богословский В. Д.
団体著者: Томский политехнический институт
要約:Представлено проф. докт. хим. наук Л. П. Кулевым
言語:ロシア語
出版事項: Томск, Изд-во Томского ун-та, 1963
シリーズ:Известия Томского Политехнического Института Т. 112
主題:
フォーマット: 図書
KOHA link:https://koha.lib.tpu.ru/cgi-bin/koha/opac-detail.pl?biblionumber=355273

MARC

LEADER 00000nam0a2200000 4500
001 355273
005 20231102010758.0
035 |a (RuTPU)RU\TPU\retro\12532 
035 |a RU\TPU\retro\12497 
090 |a 355273 
100 |a 20200703d1963 k y0rusy50 ca 
101 0 |a rus 
102 |a RU 
105 |a y z 000zy 
200 1 |a Исследование реакционной способности некоторых сульфидов в качестве агентов деструкции серных связей в полихлоропрене  |e [оттиск статьи]  |f В. Д. Богословский  |g Томский политехнический институт 
210 |a Томск  |c Изд-во Томского ун-та  |d 1963 
215 |a С. 87-91  |c табл. 
225 1 |a Известия Томского Политехнического Института  |v Т. 112 
300 |a Представлено проф. докт. хим. наук Л. П. Кулевым 
316 |5 63413507: ШкА2/4162  |a На обложке подпись: "В. Богословский" 
606 1 |a Сульфиды органические  |x Химия  |2 stltpush  |3 (RuTPU)RU\TPU\subj\75822  |9 87405 
610 1 |a коллекция ТПУ 
610 1 |a труды учёных ТПУ 
610 1 |a оттиски 
610 1 |a хлоропреновые каучуки 
610 1 |a латексы 
610 1 |a пластичность 
610 1 |a полимеризация 
610 1 |a владельческая надпись 
675 |a 547.1-305  |v 4 
700 1 |a Богословский  |b В. Д. 
712 0 2 |a Томский политехнический институт  |c (1944-1991)  |2 stltpush  |3 (RuTPU)RU\TPU\col\1123  |9 23521 
801 1 |a RU  |b 63413507  |c 20191216 
801 2 |a RU  |b 63413507  |c 20200703  |g RCR 
942 |c BK